000 01533cas a2200445 a 4500
001 11161187
005 20140811102633.0
007 t|
008 750901c19619999ii ax 0 a0ben c
010 _asa 68017498
016 7 _a010479892
_2Uk
022 0 _a0970-0692
_z0448-1143
_220
025 _aPL480 : I-E-E-1979
035 _a(OCoLC)ocm01587467
040 _aMnMULS
_beng
_cMnMULS
_dCtY
_dNIC
_dAIP
_dDLC
_dMH
_dNSDP
_dNST
_dMH
_dGU
_dOCoLC
_dWaU
_dOCoLC
_dUKMGB
_dOCoLC
041 0 _aben
_aeng
042 _apcc
_ansdp
050 0 0 _aPN851
_b.J3
080 _a8.091
210 0 _aJadavpur j. comp. lit.
222 0 _aJadavpur journal of comparative literature
245 0 0 _aJadavpur journal of comparative literature.
246 3 _aJJCL
260 _aCalcutta :
_bDept. of Comparative Literature, Jadavpur University
300 _avolumes ;
_c25 cm
310 _aAnnual (irregular)
362 1 _aBegan in 1961.
_zCf. Reg. de l'ISDS.
546 _aIn Bengali or English.
590 _aSERBIB/SERLOC merged record
650 0 _aComparative literature
_vPeriodicals.
710 2 _aJadavpur University.
_bDepartment of Comparative Literature.
776 0 8 _iOnline version:
_tJadavpur journal of comparative literature
_w(OCoLC)297241088
776 0 8 _iOnline version:
_tJadavpur journal of comparative literature
_w(OCoLC)607386485
906 _a7
_bcbc
_cserials
_du
_encip
_f19
_gn-oclcserc
942 _2ddc
_cSR
_s1
999 _c87754
_d87754